000 00288 a2200157 4500
001 170762
020 _a
040 _cMagnum
100 _aPlatao
240 1 0 _aRepublica
_lpor
245 1 0 _aRepublica
362 0 _a1899
440 1 _aScipione
697 _aFILOSOFIA
942 _cBK
999 _c170762
_d170762